DeVita, Hellman, and Rosenberg's cancer : (Record no. 397)

000 -LEADER
fixed length control field 01531nam a22004817a 4500
001 - CONTROL NUMBER
control field 20667662
003 - CONTROL NUMBER IDENTIFIER
control field OSt
005 - DATE AND TIME OF LATEST TRANSACTION
control field 20241205130840.0
008 - FIXED-LENGTH DATA ELEMENTS--GENERAL INFORMATION
fixed length control field 180912s2019 paua b 001 0 eng
010 ## - LIBRARY OF CONGRESS CONTROL NUMBER
LC control number 2018043829
020 ## - INTERNATIONAL STANDARD BOOK NUMBER
International Standard Book Number 9781496394637
Qualifying information (hardback)
035 ## - SYSTEM CONTROL NUMBER
System control number (DNLM)101733915
040 ## - CATALOGING SOURCE
Original cataloging agency DNLM/DLC
Language of cataloging eng
Description conventions rda
Transcribing agency DLC
Modifying agency DLC
041 ## - LANGUAGE CODE
Language code of text/sound track or separate title eng
042 ## - AUTHENTICATION CODE
Authentication code pcc
050 00 - LIBRARY OF CONGRESS CALL NUMBER
Classification number RC261
Item number .C274 2019
060 10 - NATIONAL LIBRARY OF MEDICINE CALL NUMBER
Classification number QZ 200
080 ## - UNIVERSAL DECIMAL CLASSIFICATION NUMBER
Universal Decimal Classification number 616-006
Item number D-49
082 00 - DEWEY DECIMAL CLASSIFICATION NUMBER
Classification number 616.99/4
Edition number 23
100 ## - MAIN ENTRY--PERSONAL NAME
9 (RLIN) 295
Personal name DeVita, T. Vincent Jr.
245 00 - TITLE STATEMENT
Title DeVita, Hellman, and Rosenberg's cancer :
Remainder of title principles & practice of oncology /
246 1# - VARYING FORM OF TITLE
Title proper/short title Cancer
250 ## - EDITION STATEMENT
Edition statement 11th edition.
260 ## - PUBLICATION, DISTRIBUTION, ETC.
Place of publication, distribution, etc. Philadelphia :
Name of publisher, distributor, etc. Wolters Kluwer,
Date of publication, distribution, etc. [2019]
300 ## - PHYSICAL DESCRIPTION
Extent xli, 2390 pages :
Other physical details illustrations (chiefly color) ;
Dimensions 29 cm
336 ## - CONTENT TYPE
Content type term text
Content type code txt
Source rdacontent
337 ## - MEDIA TYPE
Media type term unmediated
Media type code n
Source rdamedia
338 ## - CARRIER TYPE
Carrier type term volume
Carrier type code nc
Source rdacarrier
365 ## - TRADE PRICE
Price amount 195 usd
504 ## - BIBLIOGRAPHY, ETC. NOTE
Bibliography, etc. note Includes bibliographical references.
650 12 - SUBJECT ADDED ENTRY--TOPICAL TERM
Topical term or geographic name entry element Neoplasms
650 10 - SUBJECT ADDED ENTRY--TOPICAL TERM
Topical term or geographic name entry element Oncology
9 (RLIN) 296
650 10 - SUBJECT ADDED ENTRY--TOPICAL TERM
Topical term or geographic name entry element Medicine
9 (RLIN) 69
653 ## - INDEX TERM--UNCONTROLLED
Uncontrolled term ონკოლოგია
653 ## - INDEX TERM--UNCONTROLLED
Uncontrolled term მედიცინა
653 ## - INDEX TERM--UNCONTROLLED
Uncontrolled term ნეოპლაზმები
700 1# - ADDED ENTRY--PERSONAL NAME
Personal name DeVita, Vincent T.,
Titles and other words associated with a name Jr.,
Dates associated with a name 1935-
Relator term editor.
700 1# - ADDED ENTRY--PERSONAL NAME
Personal name Lawrence, Theodore S.,
Relator term editor.
700 1# - ADDED ENTRY--PERSONAL NAME
Personal name Rosenberg, Steven A.,
Relator term editor.
906 ## - LOCAL DATA ELEMENT F, LDF (RLIN)
a 7
b cbc
c orignew
d 1
e ecip
f 20
g y-gencatlg
942 ## - ADDED ENTRY ELEMENTS (KOHA)
Source of classification or shelving scheme
Koha item type Books
Edition 11
Holdings
Withdrawn status Lost status Source of classification or shelving scheme Damaged status Not for loan Permanent location Current location Date acquired Inventory number Total Checkouts Full call number Barcode Date last seen Price effective from Koha item type
          Ken Walker International University Ken Walker International University 11/24/2020 1071   616-006 D-49 1071 11/24/2020 11/24/2020 Books
          Ken Walker International University Ken Walker International University 11/24/2020 2070   616-006 D-49 2070 11/24/2020 11/24/2020 Books

Powered by Koha